000 00232 a2200097 4500
001 26816
100 _aBlackorby, C
245 _aQuality separability functional structure
260 _a
_bNorth holland inc
_c
090 _c18051
_d18051
942 _aNUST-CAE
_cM
_c8949
999 _c261889
_d261889